00861nam a2200217Ia 4500008004100000082001400041100001700055245002500072250000800097260002500105300001200130500002400142650001200166700001900178942000700197952010500204952010500309952010600414952010600520999001700626230524s9999 xx 000 0 und d a5.13bTUC aAllen Tucker 0aProgramming Language a1ST aNEW DELHIbTMHc2004 aXII;401 aQuantity Number: 4 aComp-Sc a Robert Noonan cBK 00104070aTATCLbTATCLcGENd2023-05-24l0o005.13 TUCp9087r2023-05-24w2023-05-24yBKzBENG2105 00104070aTATCLbTATCLcGENd2023-05-24l0o005.13 TUCp9088r2023-05-24w2023-05-24yBKzBENG2105 00104070aTATCLbTATCLcGENd2023-05-24l0o005.13 TUCp15951r2023-05-24w2023-05-24yBKzBENG2105 00104070aTATCLbTATCLcGENd2023-05-24l0o005.13 TUCp15952r2023-05-24w2023-05-24yBKzBENG2105 c33742d33742